BSOP header

Privilege the text! : (Record no. 52237)

MARC details
000 -LEADER
fixed length control field 00744nam a22002177a 4500
005 - DATE AND TIME OF LATEST TRANSACTION
control field 20240524160508.0
008 - FIXED-LENGTH DATA ELEMENTS--GENERAL INFORMATION
fixed length control field 240223b ||||| |||| 00| 0 eng d
020 ## - INTERNATIONAL STANDARD BOOK NUMBER
International Standard Book Number 9780802407139
040 ## - CATALOGING SOURCE
Original cataloging agency BSOP
050 ## - LIBRARY OF CONGRESS CALL NUMBER
Classification number BS511.3
100 ## - MAIN ENTRY--PERSONAL NAME
Personal name Kuruvilla, Abraham
245 ## - TITLE STATEMENT
Title Privilege the text! :
Remainder of title a theological hermeneutic for preaching /
Statement of responsibility, etc Abraham Kuruvilla.
260 ## - PUBLICATION, DISTRIBUTION, ETC. (IMPRINT)
Place of publication, distribution, etc Chicago :
Name of publisher, distributor, etc Moody Publishers,
Date of publication, distribution, etc c2013.
300 ## - PHYSICAL DESCRIPTION
Extent 336p. ;
Dimensions 23cm.
504 ## - BIBLIOGRAPHY, ETC. NOTE
Bibliography, etc Includes bibliographical references and index.
650 ## - SUBJECT ADDED ENTRY--TOPICAL TERM
Topical term or geographic name as entry element Bible -- Criticism, interpretation, etc.
650 ## - SUBJECT ADDED ENTRY--TOPICAL TERM
Topical term or geographic name as entry element Bible -- Hermeneutics
650 ## - SUBJECT ADDED ENTRY--TOPICAL TERM
Topical term or geographic name as entry element Preaching
856 ## - ELECTRONIC LOCATION AND ACCESS
Uniform Resource Identifier <a href="https://drive.google.com/file/d/1lXnNw1O-1dmwuZFQkCDHdvuSjk_-UvI_/view?usp=drive_link">https://drive.google.com/file/d/1lXnNw1O-1dmwuZFQkCDHdvuSjk_-UvI_/view?usp=drive_link</a>
942 ## - ADDED ENTRY ELEMENTS (KOHA)
Source of classification or shelving scheme Library of Congress Classification
Item type Books
Holdings
Withdrawn status Lost status Source of classification or shelving scheme Damaged status Not for loan Home library Current library Shelving location Date acquired Source of acquisition Inventory number Total Checkouts Full call number Barcode Date last seen Price effective from Koha item type
    Library of Congress Classification     BSOP Library BSOP Library GC 02/17/2024 Amazon 47762   BS511.3 K96p 2013 00060096 02/23/2024 02/23/2024  
    Library of Congress Classification     BSOP Library Digital Library   05/24/2024   eB-01165       05/24/2024 05/24/2024 Books
BSOP

Biblical Seminary of the Philippines
  All rights Reserved
  © 2024

CONTACT INFORMATION

Biblical Seminary of the Philippines,
  77-B Karuhatan Road, Valenzuela City,
  PHILIPPINES 1441
  Phone: +632 8292-6795 / 8292-6798
  Fax : +632 8292-6675
  Email: library@bsop.edu.ph